| 000 | 00589cam a2200145 4500500 | ||
|---|---|---|---|
| 005 | 20251228093445.0 | ||
| 041 | _afre | ||
| 042 | _adc | ||
| 100 | 1 | 0 |
_aGuichard, Benjamin _eauthor |
| 245 | 0 | 0 | _aFrances L. BERNSTEIN The Dictatorship of Sex Lifestyle Advice for the Soviet Masses DeKalb, IL : Northern Illinois University Press, 2007, 246 p. |
| 260 | _c2007. | ||
| 500 | _a35 | ||
| 786 | 0 | _nCahiers du monde russe | Vol 48 | 4 | 2007-12-01 | p. 666p-860p | 1252-6576 | |
| 856 | 4 | 1 | _uhttps://shs.cairn.info/revue-cahiers-du-monde-russe-2007-4-page-666p?lang=fr&redirect-ssocas=7080 |
| 999 |
_c1604454 _d1604454 |
||